000 00492cam a2200205 4500
001 J1134
008 090401t xxu||||| |||| 00| 0 eng d
035 _a(Sirsi) u41955
041 _aeng
050 _a690
110 _aBuilding Research Establishment
245 _aCracking in buildings
300 _a(8)p. ; 30cm.
350 _a0
490 _aBRE Digest
_v75
520 _aPhotocopy. Withdrawn, replaced by BRE Digest 361.
650 _aCRACKS
942 _n0
948 _c04/03/1997
999 _c91008
_d91008